000 00322nam a2200109Ia 4500
008 220216s9999 xx 000 0 und d
100 _aKrishnakumar R
245 0 _aRecent advances in TPD research
260 _bIRRDB International Rubber Conference, 27-29 October 2009, Bogor, Indonesia
700 _aJacob J
942 _cBS
999 _c53103
_d53103